[Event "SR 2. liga A 2009/2010"]
[Site "?"]
[Date "2010.01.09"]
[Round "6.5"]
[White "Mihalik, Marek"]
[Black "Liptak, Dusan"]
[Result "1/2-1/2"]
[WhiteElo "2090"]
[BlackElo "1916"]
[PlyCount "95"]
[EventDate "2009.??.??"]
[WhiteTeam "Slovakia"]
[BlackTeam "II"]
[WhiteTeamCountry "SVK"]
[BlackTeamCountry "SVK"]

1. d4 Nf6 2. c4 g6 3. Nc3 d5 4. cxd5 Nxd5 5. e4 Nxc3 6. bxc3 Bg7 7. Bc4 c5 8.
Be3 O-O 9. Ne2 Nc6 10. O-O Qc7 11. Rc1 Bd7 12. Qd2 Na5 13. Bd3 e5 14. Bh6 c4
15. Bb1 f6 16. Bxg7 Kxg7 17. dxe5 fxe5 18. f4 Qc5+ 19. Kh1 Rad8 20. fxe5 Bg4
21. Nd4 Nc6 22. Rxf8 Rxf8 23. h3 Bd7 24. e6 Bc8 25. Nxc6 bxc6 26. e7 Re8 27.
Qd8 Qxe7 28. Qd4+ Kg8 29. Qxc4+ Qe6 30. Qd4 Qe7 31. a4 Be6 32. Rf1 c5 33. Qe5
Bb3 34. Qf4 Bxa4 35. Ba2+ Kh8 36. e5 Bb5 37. Re1 Bc6 38. Bf7 Rf8 39. e6 Kg7 40.
Qe5+ Kh6 41. Kh2 a5 42. Qf4+ Kg7 43. g4 Be8 44. Qe5+ Qf6 45. g5 Qxe5+ 46. Rxe5
Bxf7 47. exf7 Rxf7 48. Rxc5 1/2-1/2

[Event "SR 2. liga A 2009/2010"]
[Site "?"]
[Date "2010.01.09"]
[Round "6.5"]
[White "Obdrzalkova, Anita"]
[Black "Barca, Michal"]
[Result "0-1"]
[WhiteElo "2004"]
[BlackElo "1809"]
[PlyCount "120"]
[EventDate "2009.??.??"]
[WhiteTeam "Slovakia"]
[BlackTeam "II"]
[WhiteTeamCountry "SVK"]
[BlackTeamCountry "SVK"]

1. d4 Nf6 2. c4 e6 3. Nc3 Bb4 4. Qc2 O-O 5. Nf3 b6 6. e4 Bb7 7. Bd3 d6 8. O-O
Bxc3 9. bxc3 h6 10. Nd2 Nbd7 11. f4 Rc8 12. e5 Ne8 13. Bh7+ Kh8 14. Be4 Bxe4
15. Qxe4 c5 16. d5 Qc7 17. Nf3 Rg8 18. Nh4 Nf8 19. f5 exd5 20. cxd5 dxe5 21. f6
Nxf6 22. Rxf6 gxf6 23. Nf5 Rg6 24. Bxh6 Nh7 25. Rd1 Qd7 26. Rd2 Rcg8 27. d6 Rg4
28. Qd3 c4 29. Qf1 b5 30. Ne7 Rd8 31. g3 a5 32. Qf3 e4 33. Qe3 Ng5 34. Bxg5
Rxg5 35. Qxe4 Kg7 36. Rd4 Rh8 37. Qc6 Qe6 38. Qf3 Qe1+ 39. Qf1 Qxc3 40. Qf2
Qc1+ 41. Kg2 c3 42. d7 Qb2 43. h4 Qxf2+ 44. Kxf2 Rc5 45. Rg4+ Kh7 46. Ng8 Rd5
47. Nxf6+ Kh6 48. Nxd5 c2 49. Ne3 c1=Q 50. Nf5+ Kh5 51. Rg5+ Qxg5 52. hxg5 Rd8
53. Nd6 Rxd7 54. Nxb5 Rd2+ 55. Ke3 Rxa2 56. Kd3 Kxg5 57. Nd6 f5 58. Nf7+ Kg4
59. Nh6+ Kg5 60. Nf7+ Kf6 0-1

[Event "SR 2. liga A 2009/2010"]
[Site "?"]
[Date "2010.01.09"]
[Round "6.5"]
[White "Sustak, Roman"]
[Black "Syrovy, Ivan"]
[Result "1-0"]
[WhiteElo "1923"]
[BlackElo "2088"]
[PlyCount "67"]
[EventDate "2009.??.??"]
[WhiteTeam "Slovakia"]
[BlackTeam "II"]
[WhiteTeamCountry "SVK"]
[BlackTeamCountry "SVK"]

1. Nf3 d6 2. d4 c6 3. c4 Qc7 4. Nc3 Nf6 5. Bf4 Bf5 6. Nh4 Bd7 7. e4 e5 8. Be3
Ng4 9. Be2 Nxe3 10. fxe3 g6 11. O-O Be7 12. Nf3 Bg4 13. Qb3 Nd7 14. Rf2 O-O-O
15. Qa3 exd4 16. exd4 Kb8 17. b4 Bf6 18. Rd1 Rhf8 19. c5 dxc5 20. bxc5 Ka8 21.
Qb3 Qa5 22. Rb1 Rb8 23. e5 Be6 24. Qb2 Be7 25. Ne4 Qxa2 26. Qb4 b6 27. Bb5 Qd5
28. Nc3 bxc5 29. Nxd5 cxb4 30. Bxc6+ Rb7 31. Nxe7 a5 32. d5 Bf5 33. Nxf5 gxf5
34. Ra2 1-0

[Event "SR 2. liga A 2009/2010"]
[Site "?"]
[Date "2010.01.09"]
[Round "6.6"]
[White "Beles, Milan"]
[Black "Horvath, Marek"]
[Result "1-0"]
[WhiteElo "2074"]
[BlackElo "1802"]
[PlyCount "99"]
[EventDate "2009.??.??"]
[WhiteTeam "Slovakia"]
[BlackTeam "II"]
[WhiteTeamCountry "SVK"]
[BlackTeamCountry "SVK"]

1. e4 e5 2. Nf3 Nf6 3. d3 Bc5 4. Be2 d6 5. O-O h6 6. c3 c6 7. d4 exd4 8. cxd4
Bb6 9. Nc3 O-O 10. h3 Re8 11. Bd3 Nbd7 12. Bf4 Nf8 13. Bc2 c5 14. d5 a6 15. a4
Bc7 16. Nd2 Bd7 17. Nc4 Qb8 18. a5 Bb5 19. b3 Ng6 20. Bg3 Qd8 21. Qf3 Bxc4 22.
bxc4 Ne5 23. Bxe5 Rxe5 24. Rfb1 Rb8 25. Rb3 Bxa5 26. Ne2 Bb4 27. Qe3 b5 28. f4
Re8 29. Qd3 bxc4 30. Qxc4 a5 31. Ng3 Nd7 32. Nf5 Qf6 33. Rf1 Kh7 34. e5 dxe5
35. Nd6+ Kh8 36. Nxe8 Rxe8 37. fxe5 Qxe5 38. Qd3 Qd4+ 39. Qxd4 cxd4 40. Rxf7
Nf6 41. Bg6 Nxd5 42. Rd7 Nf6 43. Bxe8 Nxd7 44. Bxd7 Kg8 45. Rf3 g5 46. Kf1 Kg7
47. Ke2 h5 48. Kd3 Bc3 49. g4 hxg4 50. hxg4 1-0

[Event "SR 2. liga A 2009/2010"]
[Site "?"]
[Date "2010.01.09"]
[Round "6.6"]
[White "Jancicka, Viliam"]
[Black "Merva, Frantisek"]
[Result "0-1"]
[WhiteElo "1675"]
[BlackElo "2053"]
[PlyCount "44"]
[EventDate "2009.??.??"]
[WhiteTeam "Slovakia"]
[BlackTeam "II"]
[WhiteTeamCountry "SVK"]
[BlackTeamCountry "SVK"]

1. e4 e5 2. Nf3 Nc6 3. Bb5 a6 4. Ba4 Nf6 5. O-O Be7 6. Re1 b5 7. Bb3 O-O 8. c3
d5 9. exd5 Nxd5 10. Nxe5 Nxe5 11. Rxe5 c6 12. d4 Bd6 13. Re1 Qh4 14. g3 Qh3 15.
Be3 Bg4 16. Qd3 Rae8 17. Nd2 Re6 18. a4 bxa4 19. Rxa4 Bf4 20. Bxd5 cxd5 21.
gxf4 Rh6 22. Nf1 Bf3 0-1

[Event "SR 2. liga A 2009/2010"]
[Site "?"]
[Date "2010.01.09"]
[Round "6.6"]
[White "Labar, Eduard"]
[Black "Farkas, Vladimir"]
[Result "1/2-1/2"]
[WhiteElo "2042"]
[BlackElo "1959"]
[PlyCount "31"]
[EventDate "2009.??.??"]
[WhiteTeam "Slovakia"]
[BlackTeam "II"]
[WhiteTeamCountry "SVK"]
[BlackTeamCountry "SVK"]

1. d4 Nf6 2. Nf3 d6 3. c4 g6 4. Nc3 Bg7 5. Bg5 h6 6. Bh4 O-O 7. e3 c6 8. Be2
Qc7 9. h3 Nbd7 10. O-O e5 11. Bg3 Ne8 12. b4 f5 13. Qd2 g5 14. Rac1 f4 15. Bh2
Ndf6 16. c5 1/2-1/2

[Event "SR 2. liga A 2009/2010"]
[Site "?"]
[Date "2010.01.09"]
[Round "6.6"]
[White "Lukac, Tomas"]
[Black "Stepanovic, Branislav"]
[Result "1-0"]
[WhiteElo "1932"]
[BlackElo "2001"]
[PlyCount "59"]
[EventDate "2009.??.??"]
[WhiteTeam "Slovakia"]
[BlackTeam "II"]
[WhiteTeamCountry "SVK"]
[BlackTeamCountry "SVK"]

1. e4 c5 2. Nf3 Nc6 3. Nc3 e6 4. d4 cxd4 5. Nxd4 a6 6. g3 Qc7 7. Bg2 Nge7 8.
Nde2 Ng6 9. Be3 b5 10. O-O Be7 11. f4 O-O 12. a3 Rb8 13. h4 f6 14. h5 Nh8 15.
h6 gxh6 16. f5 Nf7 17. Nf4 Nce5 18. Qh5 Ng5 19. Rae1 Rf7 20. Kh2 Rg7 21. Qh4 b4
22. axb4 Rxb4 23. Bc1 Bb7 24. Nd3 Nxd3 25. cxd3 e5 26. Qxh6 Rd4 27. Re3 Qd6 28.
Nd5 Bxd5 29. exd5 e4 30. dxe4 1-0

[Event "SR 2. liga A 2009/2010"]
[Site "?"]
[Date "2010.01.09"]
[Round "6.6"]
[White "Mikulas, Dusan"]
[Black "Szollos, Ondrej"]
[Result "0-1"]
[WhiteElo "2210"]
[BlackElo "2088"]
[PlyCount "120"]
[EventDate "2009.??.??"]
[WhiteTeam "Slovakia"]
[BlackTeam "II"]
[WhiteTeamCountry "SVK"]
[BlackTeamCountry "SVK"]

1. e4 d6 2. d4 c6 3. f4 Qc7 4. Nf3 Bg4 5. h3 Bxf3 6. Qxf3 e5 7. c3 Nd7 8. Bc4
Ngf6 9. O-O exd4 10. cxd4 Nb6 11. Bd3 Be7 12. Nc3 h6 13. a4 a5 14. Bd2 Nfd7 15.
Rae1 Nf8 16. e5 Ne6 17. Qf2 dxe5 18. fxe5 O-O-O 19. Bf5 Nc4 20. Bc1 Kb8 21.
Bxe6 fxe6 22. Rd1 Rhf8 23. Qe2 Nb6 24. Be3 Bb4 25. Qc2 Qe7 26. Ne4 Rxf1+ 27.
Rxf1 Rf8 28. Rxf8+ Qxf8 29. Ng3 Be1 30. Nh5 Qf7 31. Qe2 Bh4 32. b3 Nd5 33. Bd2
g6 34. g3 gxh5 35. gxh4 Qg6+ 36. Kh2 Qc2 37. Qg2 Qxb3 38. Qg8+ Ka7 39. Qxe6
Qxa4 40. Qxh6 Qxd4 41. Qg5 a4 42. e6 Qe4 43. Qg1+ Ka6 44. Qf1+ b5 45. Bg5 Qxe6
46. Qf8 Qe5+ 47. Kh1 Nb6 48. Qb4 Qd5+ 49. Kh2 c5 50. Qb2 b4 51. Qe2+ Ka5 52.
Qe8 a3 53. Qb8 Kb5 54. Bd8 Qc6 55. Bxb6 Qxb6 56. Qe8+ Qc6 57. Qxh5 b3 58. Qe2+
c4 59. h5 b2 60. Qc2 Qd6+ 0-1

[Event "SR 2. liga A 2009/2010"]
[Site "?"]
[Date "2010.01.09"]
[Round "6.6"]
[White "Vach, Pavol"]
[Black "Krist, Milan"]
[Result "1-0"]
[WhiteElo "2098"]
[BlackElo "2013"]
[PlyCount "85"]
[EventDate "2009.??.??"]
[WhiteTeam "Slovakia"]
[BlackTeam "II"]
[WhiteTeamCountry "SVK"]
[BlackTeamCountry "SVK"]

1. d4 d5 2. c4 e6 3. Nc3 Nf6 4. Nf3 Be7 5. Bg5 O-O 6. e3 b6 7. Bd3 dxc4 8. Bxc4
Bb7 9. O-O h6 10. Bh4 Nbd7 11. Qe2 Nd5 12. Bg3 Nxc3 13. bxc3 Nf6 14. Nd2 Bd6
15. Bxd6 cxd6 16. e4 Qc7 17. Rac1 Rae8 18. Bb3 Rc8 19. f4 Qe7 20. e5 dxe5 21.
fxe5 Nd5 22. Ne4 Rc7 23. Qd3 Qa3 24. Bxd5 exd5 25. Nf6+ gxf6 26. Qg3+ Kh8 27.
exf6 Rg8 28. Qxc7 Ba6 29. Rfe1 Qb2 30. g3 Bd3 31. Qf4 Kh7 32. Qf2 Qxf2+ 33.
Kxf2 Kg6 34. Re7 Ra8 35. Ke3 Bc4 36. Rc2 Kxf6 37. Rc7 Re8+ 38. Kf3 a5 39. Rc6+
Re6 40. Rxe6+ Kxe6 41. a3 Kd6 42. Kg4 Kc6 43. Rb2 1-0

[Event "SR 2. liga A 2009/2010"]
[Site "?"]
[Date "2010.01.09"]
[Round "6.7"]
[White "Goga, Frantisek"]
[Black "Hoferek, Peter"]
[Result "1-0"]
[WhiteElo "1984"]
[BlackElo "1885"]
[PlyCount "37"]
[EventDate "2009.??.??"]
[WhiteTeam "Slovakia"]
[BlackTeam "II"]
[WhiteTeamCountry "SVK"]
[BlackTeamCountry "SVK"]

1. e4 d5 2. exd5 Qxd5 3. Nc3 Qa5 4. d4 Nf6 5. Bc4 Bf5 6. Bd2 c6 7. Nf3 Qc7 8.
h3 e6 9. Nh4 Nbd7 10. Nxf5 exf5 11. Qe2+ Be7 12. O-O-O Nb6 13. Bd3 g6 14. Rhe1
Ng8 15. d5 O-O-O 16. dxc6 Qxc6 17. Nb5 Qxg2 18. Bf4 Rd7 19. Qe5 1-0

[Event "SR 2. liga A 2009/2010"]
[Site "?"]
[Date "2010.01.09"]
[Round "6.7"]
[White "Hagara, Vladimir"]
[Black "Diviak, Rastislav"]
[Result "1/2-1/2"]
[WhiteElo "1942"]
[BlackElo "2043"]
[PlyCount "97"]
[EventDate "2009.??.??"]
[WhiteTeam "Slovakia"]
[BlackTeam "II"]
[WhiteTeamCountry "SVK"]
[BlackTeamCountry "SVK"]

1. c4 e5 2. Nc3 Nc6 3. g3 f5 4. d3 Nf6 5. Bg2 g6 6. e4 d6 7. Nge2 Bg7 8. O-O
O-O 9. Nd5 Ne7 10. Nxf6+ Bxf6 11. Be3 c6 12. Nc3 Be6 13. Qd2 Qd7 14. f4 d5 15.
cxd5 cxd5 16. fxe5 Bxe5 17. d4 Bg7 18. e5 Nc6 19. Ne2 Rac8 20. Rac1 Rfe8 21.
Rc2 Bf8 22. Rfc1 Nb4 23. Rxc8 Rxc8 24. Rxc8 Qxc8 25. a3 Nc2 26. Bf2 Qc4 27. Nc1
Na1 28. Ne2 Nb3 29. Qd1 Bh6 30. Nc3 Nd2 31. Qe2 Qb3 32. Qb5 Qxb5 33. Nxb5 Bd7
34. Bxd5+ Kf8 35. Nc3 b6 36. Kg2 Ke7 37. Be1 a5 38. Kf2 b5 39. Bxd2 Bxd2 40.
Ke2 Bc1 41. Nd1 f4 42. Kf3 h5 43. Ke2 fxg3 44. hxg3 Bf5 45. Bc6 Ke6 46. Bxb5
Bg4+ 47. Ke1 Bxd1 48. Bc4+ Ke7 49. Kxd1 1/2-1/2

[Event "SR 2. liga A 2009/2010"]
[Site "?"]
[Date "2010.01.09"]
[Round "6.7"]
[White "Mihalik, Anton"]
[Black "Zarecky, Eduard"]
[Result "1/2-1/2"]
[WhiteElo "1961"]
[BlackElo "1947"]
[PlyCount "161"]
[EventDate "2009.??.??"]
[WhiteTeam "Slovakia"]
[BlackTeam "II"]
[WhiteTeamCountry "SVK"]
[BlackTeamCountry "SVK"]

1. e4 e5 2. Nf3 Nc6 3. Bb5 d6 4. c3 Bd7 5. O-O Nf6 6. Re1 Be7 7. d3 O-O 8. Nbd2
Na5 9. Bxd7 Qxd7 10. Nf1 Nc6 11. Ng3 Ne8 12. h4 Qg4 13. Nf5 Bf6 14. Qb3 Ne7 15.
Nh2 Qg6 16. g4 h5 17. g5 Nxf5 18. exf5 Qxf5 19. gxf6 Nxf6 20. Qxb7 Qxd3 21. Qf3
Qg6+ 22. Kh1 Ng4 23. Nxg4 hxg4 24. Qg3 f5 25. f3 Qh5 26. fxg4 Qg6 27. Bg5 f4
28. Qf3 Rae8 29. Qe4 Qe6 30. Qg2 f3 31. Qg3 Qd5 32. Qf2 Qc4 33. Rg1 e4 34. Be3
Qc6 35. Bxa7 d5 36. Be3 Qf6 37. Rad1 c6 38. Kh2 Qe5+ 39. Qg3 f2 40. Rgf1 Qxg3+
41. Kxg3 Rf3+ 42. Kg2 Rxe3 43. Rxf2 Rd8 44. h5 Rd6 45. g5 Re6 46. g6 Re5 47.
Rh1 Rd3 48. Re2 Rf5 49. a4 Rdf3 50. Rh4 Rg5+ 51. Kh2 e3 52. Rh3 Rf2+ 53. Rxf2
exf2 54. Rf3 Rxh5+ 55. Kg2 Rg5+ 56. Kxf2 Rxg6 57. Ke3 Rg2 58. b4 g5 59. Kd4 g4
60. Rd3 Rf2 61. Kc5 Rf3 62. Kd4 Rf4+ 63. Ke3 Re4+ 64. Kf2 c5 65. b5 Rxa4 66.
Rxd5 c4 67. b6 Ra2+ 68. Kg3 Rb2 69. Rd6 Rb3 70. Kxg4 Kf7 71. Kf5 Ke7 72. Ke5
Rb5+ 73. Rd5 Rxb6 74. Rc5 Rb1 75. Rxc4 Re1+ 76. Kd5 Rd1+ 77. Kc5 Rd7 78. Rh4
Kd8 79. Rh6 Rg7 80. Kb5 Rg4 81. Ra6 1/2-1/2

[Event "SR 2. liga A 2009/2010"]
[Site "?"]
[Date "2010.01.09"]
[Round "6.7"]
[White "Petrakovic, Kamil"]
[Black "Michal, Silvio"]
[Result "0-1"]
[WhiteElo "1820"]
[BlackElo "2105"]
[PlyCount "74"]
[EventDate "2009.??.??"]
[WhiteTeam "Slovakia"]
[BlackTeam "II"]
[WhiteTeamCountry "SVK"]
[BlackTeamCountry "SVK"]

1. e4 e6 2. Nf3 d5 3. exd5 exd5 4. Be2 Nf6 5. O-O Bd6 6. c3 O-O 7. d4 Bg4 8. h3
Bh5 9. Be3 Re8 10. Nbd2 Nbd7 11. Nh4 Bxe2 12. Qxe2 c6 13. Nf5 Nf8 14. Nxd6 Qxd6
15. Qf3 Ng6 16. Bg5 Ne4 17. Nxe4 dxe4 18. Qg3 Qd5 19. Rfe1 Re6 20. Bd2 f5 21.
b3 Rf8 22. Bf4 h6 23. Red1 Nxf4 24. Qxf4 g5 25. Qc7 e3 26. fxe3 Rxe3 27. c4 Qe4
28. Qd6 Kg7 29. Rf1 f4 30. Rad1 Re2 31. Rf2 Rxf2 32. Kxf2 Qe3+ 33. Kf1 Re8 34.
Qd7+ Re7 35. Qg4 f3 36. Ra1 Qe2+ 37. Kg1 f2+ 0-1

[Event "SR 2. liga A 2009/2010"]
[Site "?"]
[Date "2010.01.09"]
[Round "6.7"]
[White "Ujhelyi, Matus"]
[Black "Niznansky, Lukas"]
[Result "1-0"]
[WhiteElo "1983"]
[BlackElo "1523"]
[PlyCount "49"]
[EventDate "2009.??.??"]
[WhiteTeam "Slovakia"]
[BlackTeam "II"]
[WhiteTeamCountry "SVK"]
[BlackTeamCountry "SVK"]

1. e4 c5 2. Nf3 d6 3. d4 cxd4 4. Nxd4 Nf6 5. Nc3 a6 6. Bg5 e6 7. f4 Nbd7 8. Qf3
Qc7 9. O-O-O Be7 10. g4 O-O 11. h4 h6 12. Bxf6 Nxf6 13. g5 Nd7 14. gxh6 Bf6 15.
hxg7 Re8 16. Qh5 Bxg7 17. Rg1 Nf8 18. f5 Qe7 19. Qh6 f6 20. Bc4 b5 21. Nxe6
Nxe6 22. Bxe6+ Bxe6 23. fxe6 Rac8 24. Nd5 Qf8 25. Nxf6+ 1-0

[Event "SR 2. liga A 2009/2010"]
[Site "?"]
[Date "2010.01.09"]
[Round "6.8"]
[White "Cajka, Tibor"]
[Black "Halas, Miroslav"]
[Result "1-0"]
[WhiteElo "1932"]
[BlackElo "1939"]
[PlyCount "89"]
[EventDate "2009.??.??"]
[WhiteTeam "Slovakia"]
[BlackTeam "II"]
[WhiteTeamCountry "SVK"]
[BlackTeamCountry "SVK"]

1. e4 c6 2. d4 d6 3. Be3 g6 4. Qd2 Bg7 5. Nc3 Nf6 6. Bh6 O-O 7. Bxg7 Kxg7 8.
O-O-O b5 9. f3 a5 10. g4 a4 11. h4 h5 12. gxh5 Nxh5 13. Nce2 Qa5 14. Qe3 Nd7
15. Nf4 Nxf4 16. Qxf4 a3 17. b3 Qc3 18. Ne2 Qb2+ 19. Kd2 e5 20. Qe3 c5 21. dxc5
dxc5 22. h5 Nf6 23. Ke1 Qxa2 24. hxg6 fxg6 25. Rd6 Ra6 26. Nc3 Qxc2 27. Qh6+
Kf7 28. Rxf6+ Rxf6 29. Nd5 Qb1+ 30. Ke2 Qb2+ 31. Kd1 Qb1+ 32. Ke2 Qb2+ 33. Ke1
Rg8 34. Qg5 Re6 35. Rh7+ Rg7 36. Qh6 Qb1+ 37. Kf2 Qb2+ 38. Kg3 Rxh7 39. Qxh7+
Kf8 40. Qh8+ Kf7 41. Bh3 Qc1 42. Bxe6+ Bxe6 43. Qh7+ Kf8 44. Qe7+ Kg8 45. Nf6+
1-0

[Event "SR 2. liga A 2009/2010"]
[Site "?"]
[Date "2010.01.09"]
[Round "6.8"]
[White "Gajarsky, Julius"]
[Black "Manak, Adrian"]
[Result "1/2-1/2"]
[WhiteElo "1802"]
[BlackElo "1815"]
[PlyCount "142"]
[EventDate "2009.??.??"]
[WhiteTeam "Slovakia"]
[BlackTeam "II"]
[WhiteTeamCountry "SVK"]
[BlackTeamCountry "SVK"]

1. d4 d5 2. c4 c6 3. Nc3 e5 4. dxe5 d4 5. Ne4 Qa5+ 6. Bd2 Qxe5 7. Ng3 Nf6 8.
Nf3 Qd6 9. Qc2 Be7 10. e3 c5 11. exd4 cxd4 12. Bd3 O-O 13. O-O Na6 14. a3 Nc5
15. Bb4 a5 16. Bxc5 Qxc5 17. b4 Qb6 18. c5 Qd8 19. Ne2 b6 20. Nexd4 bxc5 21.
Nc6 Qc7 22. Nxe7+ Qxe7 23. bxc5 Bg4 24. Rfe1 Qc7 25. Ne5 Be6 26. Rac1 Rfe8 27.
Bb5 Red8 28. a4 Rac8 29. Ba6 Rb8 30. Bb5 Rbc8 31. f3 Rd5 32. Nc6 Kh8 33. Qf2
Nh5 34. Nd4 Nf4 35. Nxe6 Nxe6 36. c6 Rcd8 37. Qg3 Nf4 38. Rf1 Rxb5 39. Kh1 Rb2
40. Rcd1 Rbd2 41. Rxd2 Rxd2 42. Re1 g6 43. Qg5 Kg7 44. g3 Re2 45. Rxe2 Nxe2 46.
Qd5 Kf8 47. Kg2 Ke8 48. Qc4 Nd4 49. Qxd4 Qxc6 50. Qe5+ Qe6 51. Qxa5 Qe2+ 52.
Kh3 Qxf3 53. Qe5+ Kd8 54. Qh8+ Ke7 55. Qe5+ Kf8 56. Qd6+ Kg8 57. Qf4 Qh5+ 58.
Qh4 Qf5+ 59. Qg4 Qf1+ 60. Kh4 Kg7 61. Qd4+ Kf8 62. Qd8+ Kg7 63. Qd4+ Kf8 64.
Qe4 Qf6+ 65. Kh3 Qf1+ 66. Qg2 Qf5+ 67. g4 Qd3+ 68. Qg3 Qf1+ 69. Qg2 Qd3+ 70.
Qg3 Qf1+ 71. Qg2 Qd3+ 1/2-1/2

[Event "SR 2. liga A 2009/2010"]
[Site "?"]
[Date "2010.01.09"]
[Round "6.8"]
[White "Hefka, Vladimir"]
[Black "Sosovicka, Matej"]
[Result "1-0"]
[WhiteElo "1973"]
[BlackElo "1832"]
[PlyCount "93"]
[EventDate "2009.??.??"]
[WhiteTeam "Slovakia"]
[BlackTeam "II"]
[WhiteTeamCountry "SVK"]
[BlackTeamCountry "SVK"]

1. d4 d5 2. c4 c6 3. Nf3 Nf6 4. Nc3 e6 5. Qa4 Nbd7 6. cxd5 exd5 7. e3 Bd6 8.
Bd3 O-O 9. O-O Re8 10. Qc2 Nf8 11. h3 Ne6 12. Rb1 g6 13. b4 a6 14. a4 Ng7 15.
Bd2 Bf5 16. b5 axb5 17. axb5 Bxd3 18. Qxd3 Qd7 19. Ra1 Bc7 20. Rfb1 Reb8 21.
Qc2 Nf5 22. Ra2 Rxa2 23. Qxa2 Qc8 24. Ra1 Nd6 25. Ne5 Nde4 26. f3 Nxd2 27. Qxd2
Bxe5 28. dxe5 Nd7 29. Qd4 Ra8 30. Rc1 Qe8 31. f4 Qe6 32. e4 dxe4 33. Rd1 Nf8
34. Nxe4 Kg7 35. bxc6 bxc6 36. Qc3 Rc8 37. Rd6 Qe7 38. e6+ f6 39. g4 Qa7+ 40.
Kg2 Qa2+ 41. Kg3 Qb1 42. Qxf6+ Kg8 43. Qf7+ Kh8 44. e7 Qg1+ 45. Kh4 Qe1+ 46.
Ng3 g5+ 47. Kh5 1-0

[Event "SR 2. liga A 2009/2010"]
[Site "?"]
[Date "2010.01.09"]
[Round "6.8"]
[White "Petrik, Karol"]
[Black "Takacs, Laszlo"]
[Result "0-1"]
[WhiteElo "1519"]
[BlackElo "1838"]
[PlyCount "56"]
[EventDate "2009.??.??"]
[WhiteTeam "Slovakia"]
[BlackTeam "II"]
[WhiteTeamCountry "SVK"]
[BlackTeamCountry "SVK"]

1. e4 c5 2. Nf3 e6 3. d4 cxd4 4. Nxd4 Nf6 5. e5 Qa5+ 6. Qd2 Qxe5+ 7. Be2 Ne4 8.
Nf3 Qc5 9. Qd4 Qxc2 10. Nc3 Nxc3 11. bxc3 Nc6 12. Qe3 b6 13. O-O Bc5 14. Nd4
Qa4 15. Bb5 Bxd4 16. Bxa4 Bxe3 17. Bxe3 Bb7 18. Rad1 Ke7 19. Rfe1 Rhd8 20. Bc2
h6 21. f4 Kf8 22. f5 Ne7 23. f6 gxf6 24. Bxh6+ Ke8 25. Bg7 Ng8 26. Rf1 f5 27.
Bxf5 exf5 28. Rfe1+ Be4 0-1

[Event "SR 2. liga A 2009/2010"]
[Site "?"]
[Date "2010.01.09"]
[Round "6.8"]
[White "Pisar, Juraj"]
[Black "Raczko, Peter"]
[Result "0-1"]
[WhiteElo "1837"]
[BlackElo "1962"]
[PlyCount "33"]
[EventDate "2009.??.??"]
[WhiteTeam "Slovakia"]
[BlackTeam "II"]
[WhiteTeamCountry "SVK"]
[BlackTeamCountry "SVK"]

1. b4 d5 2. Bb2 Qd6 3. b5 c6 4. e3 cxb5 5. Bxb5+ Bd7 6. Bxd7+ Nxd7 7. Qg4 Ngf6
8. Qf3 g6 9. Ne2 Bg7 10. Nbc3 O-O 11. Nf4 Ne4 12. Qe2 Nb6 13. Bc1 e5 14. Nfxd5
Nxd5 15. Qc4 Nexc3 16. dxc3 e4 17. Qb3 0-1

[Event "SR 2. liga A 2009/2010"]
[Site "?"]
[Date "2010.01.09"]
[Round "6.8"]
[White "Srna, Jan"]
[Black "Hlubovic, Michal"]
[Result "1-0"]
[WhiteElo "2008"]
[BlackElo "1634"]
[PlyCount "63"]
[EventDate "2009.??.??"]
[WhiteTeam "Slovakia"]
[BlackTeam "II"]
[WhiteTeamCountry "SVK"]
[BlackTeamCountry "SVK"]

1. d4 e6 2. Nf3 d5 3. b3 c5 4. e3 Nc6 5. Bb2 Nf6 6. a3 a6 7. c4 dxc4 8. bxc4
Be7 9. Bd3 O-O 10. O-O Nd7 11. Qc2 h6 12. Nc3 b6 13. Rad1 Bf6 14. Ne4 Qc7 15.
Nxf6+ Nxf6 16. d5 exd5 17. cxd5 Ne7 18. d6 Qd7 19. dxe7 Qxe7 20. Qc3 Bb7 21.
Nh4 Nh5 22. Nf5 Qg5 23. Ng3 Nf6 24. f4 Qg4 25. Bf5 Qh4 26. Be4 Bxe4 27. Nxe4
Rfe8 28. g3 Qg4 29. Nxf6+ gxf6 30. Qxf6 Kf8 31. Qxh6+ Ke7 32. Qd6# 1-0

[Event "SR 2. liga A 2009/2010"]
[Site "?"]
[Date "2010.01.10"]
[Round "7.1"]
[White "Kovac, Andrej"]
[Black "Bezuch, Martin"]
[Result "1-0"]
[WhiteElo "2109"]
[BlackElo "2203"]
[PlyCount "87"]
[EventDate "2009.??.??"]
[WhiteTeam "Slovakia"]
[BlackTeam "II"]
[WhiteTeamCountry "SVK"]
[BlackTeamCountry "SVK"]

1. d4 Nf6 2. c4 c5 3. d5 e6 4. Nc3 exd5 5. cxd5 d6 6. e4 g6 7. f4 Bg7 8. Bb5+
Bd7 9. e5 Nh5 10. Nf3 O-O 11. Bxd7 Qxd7 12. O-O Na6 13. Ne4 dxe5 14. fxe5 Rae8
15. Nd6 Rxe5 16. Nxe5 Bxe5 17. Ne4 Bd4+ 18. Kh1 Qxd5 19. Qf3 f5 20. Bh6 Bg7 21.
Bxg7 Kxg7 22. Rae1 Rf7 23. Qc3+ Qd4 24. Nxc5 Qxc3 25. Ne6+ Kf6 26. bxc3 Re7 27.
Nd4 Rc7 28. Re6+ Kf7 29. g4 Ng7 30. Re3 Kf6 31. gxf5 gxf5 32. Nb5 Rc6 33. Nxa7
Rc5 34. Rb1 f4 35. Rf3 Ne6 36. Rxb7 Kf5 37. Nb5 Ng5 38. Nd4+ Kg4 39. Rg7 Re5
40. Kg2 Kh5 41. Rxf4 h6 42. Nf5 Re2+ 43. Kf1 Rf2+ 44. Rxf2 1-0

[Event "SR 2. liga A 2009/2010"]
[Site "?"]
[Date "2010.01.10"]
[Round "7.1"]
[White "Likavsky, Tomas"]
[Black "Kundrik, Peter"]
[Result "0-1"]
[WhiteElo "2478"]
[BlackElo "2229"]
[PlyCount "136"]
[EventDate "2009.??.??"]
[WhiteTeam "Slovakia"]
[BlackTeam "II"]
[WhiteTeamCountry "SVK"]
[BlackTeamCountry "SVK"]

1. d4 Nf6 2. c4 g6 3. Nc3 Bg7 4. e4 d6 5. Nf3 O-O 6. Be2 e5 7. Be3 Ng4 8. Bg5
f6 9. Bh4 g5 10. Bg3 Nh6 11. h3 Nd7 12. d5 f5 13. Nd2 f4 14. Bh2 a5 15. a3 Nf6
16. b4 g4 17. hxg4 Nfxg4 18. Bg1 Qg5 19. Bf3 Bd7 20. c5 Nf6 21. Rc1 axb4 22.
axb4 Bg4 23. Nb5 Bxf3 24. Qxf3 Ne8 25. cxd6 cxd6 26. Nc4 Ra4 27. Rb1 Qg6 28.
Nc3 Ra8 29. Kd2 Rc8 30. Nb6 Rc7 31. Rc1 Nf6 32. Kd3 Nf7 33. Qe2 Qxg2 34. Rh2
Rxc3+ 35. Kxc3 Qxe4 36. Qxe4 Nxe4+ 37. Kd3 Neg5 38. Rc8 e4+ 39. Ke2 Bd4 40.
Rxf8+ Kxf8 41. Nc4 b5 42. Na3 Bc3 43. Nxb5 Bxb4 44. Rh5 Kg7 45. Bh2 Kg6 46. Rh4
f3+ 47. Kf1 Bc5 48. Nc3 e3 49. fxe3 Bxe3 50. Ne4 Nxe4 51. Rxe4 Bc5 52. Bg1 Bxg1
53. Re6+ Kf5 54. Kxg1 h5 55. Re8 Ng5 56. Rh8 Kg4 57. Rh6 Ne4 58. Re6 Kf4 59.
Rh6 Ke3 60. Rh8 Ke2 61. Rf8 h4 62. Rf4 f2+ 63. Kg2 h3+ 64. Kh2 f1=Q 65. Rxe4+
Kd3 66. Rg4 Qe2+ 67. Kxh3 Qxg4+ 68. Kxg4 Ke4 0-1

[Event "SR 2. liga A 2009/2010"]
[Site "?"]
[Date "2010.01.10"]
[Round "7.1"]
[White "Pacher, Milan"]
[Black "Polacik, Igor"]
[Result "1/2-1/2"]
[WhiteElo "2366"]
[BlackElo "2186"]
[PlyCount "60"]
[EventDate "2009.??.??"]
[WhiteTeam "Slovakia"]
[BlackTeam "II"]
[WhiteTeamCountry "SVK"]
[BlackTeamCountry "SVK"]

1. d4 Nf6 2. c4 g6 3. Nc3 d5 4. Nf3 Bg7 5. Bg5 Ne4 6. cxd5 Nxg5 7. Nxg5 e6 8.
Qd2 h6 9. Nf3 exd5 10. e3 O-O 11. Be2 Be6 12. O-O Nd7 13. b4 f5 14. Rac1 g5 15.
Na4 a6 16. Nc5 Nxc5 17. Rxc5 c6 18. a4 Bd7 19. b5 axb5 20. axb5 Qe7 21. Rb1 f4
22. exf4 Rxf4 23. bxc6 bxc6 24. Rcc1 Raf8 25. Re1 g4 26. Bd3 Qf7 27. Ne5 Bxe5
28. Rxe5 Rxf2 29. Qxh6 Rxg2+ 30. Kh1 Rg1+ 1/2-1/2

[Event "SR 2. liga A 2009/2010"]
[Site "?"]
[Date "2010.01.10"]
[Round "7.1"]
[White "Skreno, Vladimir"]
[Black "Federic, Jozef"]
[Result "1-0"]
[WhiteElo "2175"]
[BlackElo "2262"]
[PlyCount "105"]
[EventDate "2009.??.??"]
[WhiteTeam "Slovakia"]
[BlackTeam "II"]
[WhiteTeamCountry "SVK"]
[BlackTeamCountry "SVK"]

1. d4 d5 2. Nf3 c6 3. c4 Nf6 4. cxd5 cxd5 5. Nc3 Nc6 6. Bf4 e6 7. e3 a6 8. Rc1
Bd7 9. a3 Rc8 10. Bd3 b5 11. O-O Na5 12. b4 Nc4 13. Qb3 Be7 14. e4 dxe4 15.
Nxe4 Nxe4 16. Bxe4 Nd6 17. Bxd6 Bxd6 18. Rxc8 Bxc8 19. Ne5 O-O 20. Rc1 Qh4 21.
Qd3 f5 22. Bc6 Rd8 23. Qe3 Bb8 24. Bf3 Rf8 25. Qc3 Bxe5 26. dxe5 Qe7 27. Qc7
Qxc7 28. Rxc7 Rd8 29. Kf1 Kf8 30. Bc6 Kg8 31. Ke2 Kf8 32. Ra7 Kg8 33. Ke3 Kf8
34. f4 h6 35. h4 g6 36. g3 Kg8 37. Ra8 Kf7 38. Bb7 Rd7 39. Bxc8 Rc7 40. Kd2 g5
41. hxg5 hxg5 42. fxg5 Rc4 43. g6+ Kxg6 44. Bxe6 Re4 45. Rg8+ Kh6 46. Bxf5 Rxe5
47. Rg6+ Kh5 48. g4+ Kh4 49. Rxa6 Kg5 50. Kc2 Rd5 51. Ra5 Kf6 52. Bd3 Rg5 53.
Bf5 1-0